000
00313 a2200157 4500
001
192470
020
_a
978-85-260-2150-1
040
_c
Magnum
100
_a
Bandeira, Manuel
240
1
0
_a
Teadorar
_l
por
245
1
0
_a
Teadorar
300
_a
55
362
0
_a
2015
697
_a
LITERATURA GERAL
942
_c
BK
999
_c
192470
_d
192470